000 01491nam a22003617a 4500
003 CHAP
005 20220329143347.0
008 080125s2005 mx r 00010 spa d
010 _a95502
011 _a96474
020 _a9703225098
035 _a107128
040 _cCHAP
082 0 4 _a574.9
_bR26
245 0 0 _aRegionalización biogeográfica en Iberoamerica y tópicos afines :
_bprimeras jornadas biogeográficas de la red iberoamericana de biogeografía y entomología sistemática (RIBES XII.I-CYTED)
_c/editado por Jorge Llorente Bousquets y Juan J. Morrone
260 _aMéxico :
_bUNAM. Facultad de Ciencias,
_c2005
300 _ax, 577 p. :
_bilus., mapas
500 _aContiene algunos artículos en inglés
590 _aBATCH-UPD
_b10
_c20130110
_lUCH01
_h0813
590 _aBATCH-UPD
_b10
_c20130410
_lUCH01
_h0450
590 _aBATCH-UPD
_b10
_c20130914
_lUCH01
_h0639
590 _aCONVERSION
_b10
_c20130109
_lUCH01
_h1353
650 1 4 _aBiogeografía.
_912741
650 1 4 _aRegionalización.
_995663
700 0 _aLlorente Bousquets, Jorge
_e, ed.
_967289
700 1 _aMorrone, Juan J.
_978926
700 1 _aMorrone, Juan J.
_e, ed.
_978926
901 _aBK
942 _cLIBRO
949 _a574.9 R26
_bBC
_cLIBRO
_d33724002077108
_eLIBRO
_gI.c/e
_h110081
_i107128
_sb
_t$300.00
949 _a574.9 R26
_bBC
_cLIBRO
_d33724002077181
_eLIBRO
_fc.3
_gI.c/e
_h110083
_i107128
_sb
_t$300.00
949 _a574.9 R26
_bBC
_cLIBRO
_d33724002077223
_eLIBRO
_fc.2
_gI.c/e
_h110082
_i107128
_sb
_t$300.00
999 _c95502
_d95502